LDR 01641nam#a2200193#i#450# 001 5065 005 20260426133419.7 008 _ 20260424d2026####ek#y0engy0150####ca 020 ## _$a978-5-9228-3164-2 041 0# _$aRUS 044 ## _$axxu 080 ## _$aАнглийский язык. 811.111 100 #1 _$aKazakova, Elena Petrovna _$aMoscow State Institute of International Relations (University) of the Ministry of Foreign Affairs of the Russian Federation 245 00 _$aEnglish Grammar: Guide and Practice. Part 2 _$cTextbook 260 1# _$aMoscow _$bMGIMO University Publishing House _$c2026 300 ## _$a293 p. 500 ## _$a“English Grammar: Guide and Practice. Part 2” is the second book in a grammar series for learners of the English􀘕language at upper-intermediate/advanced level. The􀘕book􀘕is􀘕suitable for self-study or classroom use as well as as a supplement to any course at this level. The aim of the book is to help learners to understand English grammar structures through comprehensive grammar explanation and a wealth of functional examples. The book consists of 6 units each focusing on a particular grammar topic: Use of articles; Nouns, The possessive case; Adjectives, adverbs, comparisons; The participle; The gerund; Conditionals, subjunctives. The series can help learners to fi ne-tune their understanding of English structures and improve their abilities to use English meaningfully and correctly. _$aarticles, nouns, possessive case, adjectives, adverbs, comparisons, participles, gerunds, conditionals, subjunctives _$a10.63861/3164-2 533 ## _$aThere is an electronic copy 856 4# _$adom.mgimo.ru _$u